Philosophy of hindu sadhana / (Record no. 157733)

MARC details
000 -LEADER
fixed length control field 00683nam a22002297a 4500
005 - DATE AND TIME OF LATEST TRANSACTION
control field 20180927143100.0
010 ## - LCCN (DPL NO)
LC control number ENG-124073
020 ## - INTERNATIONAL STANDARD BOOK NUMBER
International Standard Book Number 9788180903045
Terms of availability 695.00
035 ## - SYSTEM CONTROL NUMBER
System control number EN-107605
037 ## - SOURCE OF ACQUISITION
Source of stock number/acquisition DBAD/PUB
082 ## - DEWEY DECIMAL CLASSIFICATION NUMBER
Classification number 181.41
100 ## - MAIN ENTRY--PERSONAL NAME
Personal name Brahma, Nalini Kanta
245 ## - TITLE STATEMENT
Title Philosophy of hindu sadhana /
Statement of responsibility, etc by Nalini Kanta Brahma
260 ## - PUBLICATION, DISTRIBUTION, ETC. (IMPRINT)
Place of publication, distribution, etc Delhi
Name of publisher, distributor, etc Bharatiya Kala Prakashan
Date of publication, distribution, etc 2017
270 ## - ADDRESS
City Delhi
Postal code 110035
Address 3421-A, IInd Floor, Narang Colony, Tri Nagar,
300 ## - PHYSICAL DESCRIPTION
Extent ix,343p.
Dimensions 21cm.(Hb.)
500 ## - GENERAL NOTE
General note It includes index
700 ## - ADDED ENTRY--PERSONAL NAME
Personal name Chauhan, G.S.
700 ## - ADDED ENTRY--PERSONAL NAME
Personal name Subhash Cahnd
700 ## - ADDED ENTRY--PERSONAL NAME
Personal name Ramesh Kumar
942 ## - ADDED ENTRY ELEMENTS (KOHA)
Source of classification or shelving scheme Dewey Decimal Classification
Item type English Books
Classification part 181.41
Call number suffix BRA
Holdings
Withdrawn status Lost status Not for loan Collection code Home library Current library Date acquired Source of acquisition Cost, normal purchase price Full call number Barcode Copy number Cost, replacement price Koha item type
    Not For Loan Non-fiction D.B.Act.Division Sarojini Nagar 27/09/2018 DBAD/PUB 695.00 181.41 BRA EN-107605 1 695.00 English Books

© Delhi Public Library
Hit Counter
free hit counter